000
00272nam a22001217a 4500
041
_a
ENG
100
_a
Bharambe.P.R
245
_a
Irrigated Black Soil Problems and Management
260
_a
Parbhani
_b
MAU
_c
2001
300
_a
50
650
_a
IDE ( 05 )
856
_u
IDE ( 05 )
999
_c
2773
_d
2773